[Event "AsianNationCup2018-OpenRapid"]
[Site "?"]
[Date "2018.07.27"]
[Round "6.7"]
[White "Bai, Jinshi"]
[Black "Sasikiran, Krishnan"]
[Result "1/2-1/2"]
[BlackElo "2625"]
[WhiteElo "2443"]
[LiveChessVersion "1.4.8"]

1. Nf3 {[%clk 0:15:16]} d5 {[%clk 0:15:17]} 2. g3 {[%clk 0:15:17]} Nf6
{[%clk 0:15:21]} 3. Bg2 {[%clk 0:15:24]} c6 {[%clk 0:15:25]} 4. O-O
{[%clk 0:15:26]} Bg4 {[%clk 0:15:32]} 5. d3 {[%clk 0:15:29]} Nbd7
{[%clk 0:15:29]} 6. c4 {[%clk 0:15:30]} dxc4 {[%clk 0:14:40]} 7. dxc4
{[%clk 0:15:34]} e5 {[%clk 0:14:38]} 8. Nc3 {[%clk 0:15:39]} Bc5 {[%clk 0:13:39]}
9. Qc2 {[%clk 0:15:22]} O-O {[%clk 0:13:04]} 10. h3 {[%clk 0:14:25]} Bxf3
{[%clk 0:12:15]} 11. Bxf3 {[%clk 0:14:34]} Qe7 {[%clk 0:12:12]} 12. Bg2
{[%clk 0:13:51]} Rad8 {[%clk 0:11:46]} 13. b3 {[%clk 0:13:15]} Rfe8
{[%clk 0:10:13]} 14. Bb2 {[%clk 0:11:43]} Ba3 {[%clk 0:10:09]} 15. Rad1
{[%clk 0:11:36]} Bxb2 {[%clk 0:09:49]} 16. Qxb2 {[%clk 0:11:44]} h5
{[%clk 0:07:46]} 17. Rd2 {[%clk 0:10:46]} Nc5 {[%clk 0:07:19]} 18. Rfd1
{[%clk 0:10:17]} Rxd2 {[%clk 0:07:21]} 19. Qxd2 {[%clk 0:10:08]} Ne6
{[%clk 0:07:27]} 20. Qd6 {[%clk 0:08:49]} Qxd6 21. Rxd6 {[%clk 0:08:58]} Kf8
{[%clk 0:07:13]} 22. b4 {[%clk 0:08:36]} Ke7 {[%clk 0:07:08]} 23. Rd2
{[%clk 0:08:32]} Rd8 {[%clk 0:06:41]} 24. Rxd8 {[%clk 0:08:36]} Kxd8
{[%clk 0:06:34]} 25. e3 {[%clk 0:08:39]} Ke7 {[%clk 0:05:13]} 26. Kf1
{[%clk 0:07:30]} g5 {[%clk 0:04:52]} 27. Ke2 {[%clk 0:07:27]} h4 {[%clk 0:04:41]}
28. g4 {[%clk 0:07:07]} Ne8 {[%clk 0:03:58]} 29. c5 {[%clk 0:06:38]} a5
{[%clk 0:03:42]} 30. a3 {[%clk 0:06:42]} axb4 {[%clk 0:03:22]} 31. axb4
{[%clk 0:06:46]} Nf6 {[%clk 0:02:40]} 32. Kd3 {[%clk 0:06:38]} Nc7
{[%clk 0:02:38]} 33. Kc4 {[%clk 0:05:53]} Ke6 {[%clk 0:02:20]} 34. Ne4
{[%clk 0:04:05]} Nxe4 {[%clk 0:02:02]} 35. Bxe4 {[%clk 0:04:14]} Kd7
{[%clk 0:02:10]} 36. Bh7 {[%clk 0:03:23]} f6 {[%clk 0:01:58]} 37. Be4
{[%clk 0:03:07]} Kd8 {[%clk 0:01:56]} 38. Bf5 {[%clk 0:03:09]} Nb5
{[%clk 0:01:40]} 39. Be6 {[%clk 0:03:12]} Nc7 {[%clk 0:01:45]} 40. Bf5
{[%clk 0:03:19]} Nb5 {[%clk 0:01:54]} 41. Kd3 {[%clk 0:02:49]} Nc7
{[%clk 0:01:59]} 42. Kc4 {[%clk 0:01:46]} Nb5 {[%clk 0:02:04]} 43. Kd3 1/2-1/2

[Event "AsianNationCup2018-OpenRapid"]
[Site "?"]
[Date "2018.07.27"]
[Round "6.8"]
[White "Gupta, Abhijeet"]
[Black "Xu, Xiangyu"]
[Result "0-1"]
[BlackElo "2301"]
[WhiteElo "2562"]
[LiveChessVersion "1.4.8"]

1. d4 {[%clk 0:15:18]} d5 {[%clk 0:15:19]} 2. c4 {[%clk 0:15:26]} dxc4
{[%clk 0:15:28]} 3. Nf3 {[%clk 0:15:33]} Nf6 {[%clk 0:15:31]} 4. e3
{[%clk 0:15:42]} e6 {[%clk 0:15:39]} 5. Bxc4 {[%clk 0:15:49]} c5 {[%clk 0:15:48]}
6. O-O {[%clk 0:15:53]} Nc6 {[%clk 0:15:56]} 7. dxc5 {[%clk 0:14:08]} Qxd1
{[%clk 0:16:03]} 8. Rxd1 {[%clk 0:14:16]} Bxc5 {[%clk 0:16:11]} 9. b3
{[%clk 0:14:20]} a6 {[%clk 0:16:17]} 10. Bb2 {[%clk 0:14:28]} b5 {[%clk 0:16:08]}
11. Be2 {[%clk 0:13:36]} Bb7 {[%clk 0:16:15]} 12. a4 {[%clk 0:13:24]} bxa4
{[%clk 0:16:11]} 13. Rxa4 {[%clk 0:13:31]} Be7 {[%clk 0:16:17]} 14. Nbd2
{[%clk 0:13:21]} O-O {[%clk 0:16:11]} 15. Rda1 {[%clk 0:12:40]} a5
{[%clk 0:14:04]} 16. Nd4 {[%clk 0:11:19]} Bb4 {[%clk 0:13:02]} 17. Nc4
{[%clk 0:11:27]} Nd5 {[%clk 0:10:20]} 18. Bf3 {[%clk 0:11:08]} Rab8
{[%clk 0:10:13]} 19. Nxc6 {[%clk 0:06:18]} Bxc6 {[%clk 0:10:17]} 20. R4a2
{[%clk 0:06:26]} Ne7 {[%clk 0:08:53]} 21. Be5 {[%clk 0:05:08]} Rb7
{[%clk 0:08:15]} 22. Bd1 {[%clk 0:03:39]} Bd5 {[%clk 0:08:06]} 23. f3
{[%clk 0:02:58]} Bxc4 {[%clk 0:06:26]} 24. bxc4 {[%clk 0:03:06]} Rd8
{[%clk 0:06:34]} 25. e4 {[%clk 0:01:44]} Nc6 {[%clk 0:06:11]} 26. Bf4
{[%clk 0:01:12]} Bc3 {[%clk 0:06:15]} 27. Rc1 {[%clk 0:01:00]} Bb2
{[%clk 0:06:23]} 28. Ba4 {[%clk 0:00:40]} Bxc1 {[%clk 0:06:23]} 29. Bxc6
{[%clk 0:00:35]} Rb1 {[%clk 0:06:30]} 30. Bxc1 {[%clk 0:00:43]} Rxc1+
{[%clk 0:06:39]} 31. Kf2 {[%clk 0:00:51]} Rxc4 {[%clk 0:06:47]} 0-1

[Event "AsianNationCup2018-OpenRapid"]
[Site "?"]
[Date "2018.07.27"]
[Round "6.9"]
[White "Jumabayev, Rinat"]
[Black "Noah, A .H. Al-Ali"]
[Result "1-0"]
[BlackElo "2361"]
[WhiteElo "2606"]
[LiveChessVersion "1.4.8"]

1. d4 {[%clk 0:15:02]} d5 {[%clk 0:14:57]} 2. Bf4 {[%clk 0:15:11]} c5
{[%clk 0:15:02]} 3. e3 {[%clk 0:15:19]} Nc6 {[%clk 0:15:10]} 4. c3
{[%clk 0:15:27]} Qb6 {[%clk 0:13:14]} 5. Qb3 {[%clk 0:15:36]} c4 {[%clk 0:13:23]}
6. Qc2 {[%clk 0:15:45]} g6 {[%clk 0:11:07]} 7. Nd2 {[%clk 0:15:49]} Nf6
{[%clk 0:11:07]} 8. e4 {[%clk 0:15:40]} Nxe4 {[%clk 0:08:45]} 9. Nxe4
{[%clk 0:15:03]} dxe4 {[%clk 0:07:11]} 10. Bxc4 {[%clk 0:15:08]} Bf5
{[%clk 0:04:24]} 11. Be3 {[%clk 0:15:06]} Na5 {[%clk 0:03:43]} 12. d5
{[%clk 0:14:14]} Qc7 {[%clk 0:02:53]} 13. Bb5+ {[%clk 0:14:22]} Kd8
{[%clk 0:02:53]} 14. g4 {[%clk 0:12:43]} Bxg4 {[%clk 0:03:00]} 15. Qxe4
{[%clk 0:12:52]} Bf5 {[%clk 0:02:56]} 16. Qh4 {[%clk 0:13:01]} Qe5
{[%clk 0:01:20]} 17. Rd1 {[%clk 0:11:21]} g5 {[%clk 0:00:59]} 18. Qg3
{[%clk 0:09:19]} Qxg3 {[%clk 0:00:36]} 19. hxg3 {[%clk 0:09:27]} Rc8
{[%clk 0:00:43]} 20. Bxa7 {[%clk 0:09:28]} Nc4 {[%clk 0:00:49]} 21. b3
{[%clk 0:09:35]} Ra8 {[%clk 0:00:30]} 22. Bd4 {[%clk 0:09:21]} Nd6
{[%clk 0:00:40]} 23. Bd3 {[%clk 0:09:09]} f6 {[%clk 0:00:25]} 24. a4
{[%clk 0:09:00]} Bxd3 {[%clk 0:00:20]} 25. Rxd3 {[%clk 0:09:09]} b5
{[%clk 0:00:30]} 26. a5 {[%clk 0:09:17]} Kd7 {[%clk 0:00:36]} 27. b4
{[%clk 0:09:27]} h5 {[%clk 0:00:36]} 28. Nf3 {[%clk 0:09:35]} g4 {[%clk 0:00:32]}
29. Nd2 {[%clk 0:09:19]} Bh6 {[%clk 0:00:34]} 30. Nb3 {[%clk 0:09:28]} Ne4
{[%clk 0:00:36]} 31. Ke2 {[%clk 0:09:35]} Bg5 {[%clk 0:00:43]} 32. Ra1
{[%clk 0:09:18]} h4 {[%clk 0:00:50]} 33. gxh4 {[%clk 0:09:27]} Rxh4
{[%clk 0:00:59]} 34. Nc5+ {[%clk 0:09:35]} Nxc5 {[%clk 0:01:08]} 35. bxc5
{[%clk 0:09:44]} f5 {[%clk 0:00:51]} 36. Be5 {[%clk 0:09:24]} f4 {[%clk 0:00:36]}
37. Rd4 {[%clk 0:09:32]} f3+ {[%clk 0:00:28]} 38. Kd3 {[%clk 0:09:37]} Bf6
{[%clk 0:00:24]} 39. c6+ {[%clk 0:09:19]} Ke8 {[%clk 0:00:33]} 40. Bxf6
{[%clk 0:09:20]} exf6 {[%clk 0:00:42]} 41. d6 {[%clk 0:09:29]} 1-0

[Event "AsianNationCup2018-OpenRapid"]
[Site "?"]
[Date "2018.07.27"]
[Round "6.10"]
[White "Mohammed, Zozek Salah Mohammed"]
[Black "Ismagambetov, Anuar"]
[Result "1-0"]
[BlackElo "2454"]
[WhiteElo "2242"]
[LiveChessVersion "1.4.8"]

1. d4 {[%clk 0:15:14]} Nf6 {[%clk 0:15:19]} 2. c4 {[%clk 0:15:14]} e6
{[%clk 0:15:27]} 3. Nc3 {[%clk 0:15:20]} c5 {[%clk 0:15:33]} 4. d5
{[%clk 0:15:00]} exd5 {[%clk 0:15:42]} 5. cxd5 {[%clk 0:15:08]} d6
{[%clk 0:15:50]} 6. e4 {[%clk 0:14:59]} g6 {[%clk 0:15:59]} 7. Nge2
{[%clk 0:14:59]} Bg7 {[%clk 0:16:05]} 8. Ng3 {[%clk 0:15:07]} O-O
{[%clk 0:16:10]} 9. Be2 {[%clk 0:15:16]} Na6 {[%clk 0:14:37]} 10. O-O
{[%clk 0:15:10]} Nc7 {[%clk 0:14:45]} 11. a4 {[%clk 0:13:44]} a6 {[%clk 0:14:40]}
12. Be3 {[%clk 0:11:44]} Re8 {[%clk 0:14:35]} 13. Qd2 {[%clk 0:11:19]} Rb8
{[%clk 0:14:22]} 14. Rab1 {[%clk 0:11:18]} a5 {[%clk 0:10:48]} 15. Bg5
{[%clk 0:10:27]} Bd7 {[%clk 0:10:07]} 16. Qf4 {[%clk 0:07:29]} Re5
{[%clk 0:07:39]} 17. Qh4 {[%clk 0:06:51]} b5 {[%clk 0:07:28]} 18. f4
{[%clk 0:05:53]} Rxg5 {[%clk 0:07:23]} 19. fxg5 {[%clk 0:04:32]} Nfe8
{[%clk 0:07:30]} 20. Qf4 {[%clk 0:02:23]} Qe7 {[%clk 0:07:19]} 21. axb5
{[%clk 0:02:12]} Nxb5 {[%clk 0:07:23]} 22. Nxb5 {[%clk 0:02:17]} Bxb5
{[%clk 0:07:30]} 23. Bxb5 {[%clk 0:02:26]} Rxb5 {[%clk 0:07:39]} 24. b3
{[%clk 0:02:31]} Nc7 {[%clk 0:07:10]} 25. Qg4 {[%clk 0:02:23]} Rb8
{[%clk 0:07:02]} 26. Rf3 {[%clk 0:02:01]} Nb5 {[%clk 0:06:45]} 27. Rbf1
{[%clk 0:01:46]} Rf8 {[%clk 0:06:11]} 28. Ne2 {[%clk 0:01:55]} Nc7
{[%clk 0:05:57]} 29. h4 {[%clk 0:01:33]} Nxd5 {[%clk 0:05:14]} 30. exd5
{[%clk 0:01:39]} Qxe2 {[%clk 0:05:22]} 31. h5 {[%clk 0:00:24]} Bd4+
{[%clk 0:04:32]} 32. Kh1 {[%clk 0:00:31]} Qe5 {[%clk 0:04:40]} 33. hxg6
{[%clk 0:00:11]} hxg6 {[%clk 0:04:46]} 34. Rh3 {[%clk 0:00:12]} Qxd5
{[%clk 0:04:31]} 35. Qh4 {[%clk 0:00:18]} Re8 {[%clk 0:04:40]} 36. Qh7+
{[%clk 0:00:16]} Kf8 {[%clk 0:04:49]} 37. Qxg6 {[%clk 0:00:17]} Re1
{[%clk 0:04:40]} 38. Rhf3 {[%clk 0:00:11]} Rxf1+ {[%clk 0:03:23]} 39. Rxf1
{[%clk 0:00:20]} Bg7 {[%clk 0:02:00]} 40. Qh5 {[%clk 0:00:13]} a4
{[%clk 0:00:58]} 41. bxa4 {[%clk 0:00:17]} c4 {[%clk 0:01:08]} 42. a5
{[%clk 0:00:24]} c3 {[%clk 0:01:12]} 43. a6 {[%clk 0:00:32]} Qc4 {[%clk 0:01:04]}
44. Qf3 {[%clk 0:00:12]} Qh4+ {[%clk 0:00:45]} 45. Qh3 {[%clk 0:00:21]} Qc4
{[%clk 0:00:55]} 46. Qf3 {[%clk 0:00:13]} Qh4+ {[%clk 0:01:04]} 47. Qh3
{[%clk 0:00:19]} Qc4 {[%clk 0:01:13]} 48. g4 Qxa6 {[%clk 0:00:42]} 49. Qf3
{[%clk 0:00:15]} Qa7 {[%clk 0:00:31]} 50. g6 {[%clk 0:00:22]} Bd4
{[%clk 0:00:25]} 51. Qd5 {[%clk 0:00:22]} f6 {[%clk 0:00:29]} 52. g5
{[%clk 0:00:15]} Qd7 {[%clk 0:00:12]} 53. Qf3 c2 {[%clk 0:00:11]} 54. gxf6
{[%clk 0:00:17]} Qc7 {[%clk 0:00:20]} 55. Qa8+ {[%clk 0:00:24]} 1-0

[Event "AsianNationCup2018-OpenRapid"]
[Site "?"]
[Date "2018.07.27"]
[Round "6.11"]
[White "Kazhgaleyev, Murtas"]
[Black "Abdulwahhab, Ahmed Abdulsattar A"]
[Result "1-0"]
[BlackElo "2219"]
[WhiteElo "2457"]
[LiveChessVersion "1.4.8"]

1. d4 {[%clk 0:15:17]} Nf6 {[%clk 0:15:14]} 2. c4 {[%clk 0:15:25]} g6
{[%clk 0:15:22]} 3. Nc3 {[%clk 0:15:33]} Bg7 {[%clk 0:15:30]} 4. e4
{[%clk 0:15:40]} d6 {[%clk 0:15:38]} 5. h3 {[%clk 0:15:48]} O-O {[%clk 0:15:41]}
6. Bg5 {[%clk 0:15:55]} Na6 {[%clk 0:14:50]} 7. Bd3 {[%clk 0:15:43]} e5
{[%clk 0:14:53]} 8. d5 {[%clk 0:15:51]} Nc5 {[%clk 0:14:54]} 9. Bc2
{[%clk 0:15:59]} a5 {[%clk 0:15:01]} 10. Nge2 {[%clk 0:16:07]} c6
{[%clk 0:14:31]} 11. O-O {[%clk 0:15:49]} cxd5 {[%clk 0:14:26]} 12. exd5
{[%clk 0:14:43]} Bd7 {[%clk 0:14:16]} 13. Rb1 {[%clk 0:14:46]} Qc7
{[%clk 0:13:36]} 14. Ng3 {[%clk 0:13:57]} Na6 {[%clk 0:12:01]} 15. Bd3
{[%clk 0:12:00]} Nc5 {[%clk 0:12:07]} 16. f4 {[%clk 0:11:33]} Nxd3
{[%clk 0:11:09]} 17. Qxd3 {[%clk 0:11:41]} h6 {[%clk 0:10:49]} 18. fxe5
{[%clk 0:10:09]} Ng4 {[%clk 0:09:40]} 19. hxg4 {[%clk 0:09:00]} hxg5
{[%clk 0:09:45]} 20. e6 {[%clk 0:07:43]} Qb6+ {[%clk 0:09:33]} 21. Kh1
{[%clk 0:07:14]} Be5 {[%clk 0:09:18]} 22. c5 {[%clk 0:06:03]} Qxc5
{[%clk 0:08:37]} 23. exd7 {[%clk 0:06:02]} Kg7 {[%clk 0:08:36]} 24. Nce4
{[%clk 0:05:55]} Qb6 {[%clk 0:07:24]} 25. Nxg5 {[%clk 0:05:45]} f5
{[%clk 0:05:21]} 26. gxf5 {[%clk 0:05:07]} Rh8+ {[%clk 0:05:27]} 27. Nh3
{[%clk 0:05:00]} g5 {[%clk 0:05:23]} 28. f6+ {[%clk 0:05:00]} Kf8
{[%clk 0:05:23]} 29. Qg6 {[%clk 0:04:46]} Rg8 {[%clk 0:04:49]} 1-0

[Event "AsianNationCup2018-OpenRapid"]
[Site "?"]
[Date "2018.07.27"]
[Round "6.12"]
[White "Taleb, Salem Hatam"]
[Black "Makhnev, Denis"]
[Result "0-1"]
[BlackElo "2449"]
[WhiteElo "2091"]
[LiveChessVersion "1.4.8"]

1. c4 {[%clk 0:15:17]} Nf6 {[%clk 0:15:14]} 2. Nc3 {[%clk 0:15:14]} e5
{[%clk 0:15:16]} 3. Nf3 {[%clk 0:15:17]} Nc6 {[%clk 0:15:22]} 4. d4
{[%clk 0:15:25]} exd4 {[%clk 0:15:29]} 5. Nxd4 {[%clk 0:15:34]} Bb4
{[%clk 0:15:03]} 6. Bg5 {[%clk 0:13:17]} h6 {[%clk 0:15:06]} 7. Bh4
{[%clk 0:13:23]} O-O {[%clk 0:14:48]} 8. e3 {[%clk 0:13:26]} Ne5 {[%clk 0:13:48]}
9. h3 {[%clk 0:13:01]} Ng6 {[%clk 0:13:51]} 10. Bxf6 {[%clk 0:13:03]} Bxc3+
{[%clk 0:13:58]} 11. bxc3 {[%clk 0:13:09]} Qxf6 {[%clk 0:14:06]} 12. Rc1
{[%clk 0:12:45]} d6 {[%clk 0:14:08]} 13. g3 {[%clk 0:12:11]} Ne5 {[%clk 0:13:09]}
14. f4 {[%clk 0:11:42]} Nd7 {[%clk 0:13:10]} 15. Bg2 {[%clk 0:11:25]} Nc5
{[%clk 0:12:47]} 16. O-O {[%clk 0:11:01]} Re8 {[%clk 0:12:49]} 17. Re1
{[%clk 0:11:07]} Bf5 {[%clk 0:09:45]} 18. Nxf5 {[%clk 0:08:24]} Qxf5
{[%clk 0:09:53]} 19. e4 {[%clk 0:08:29]} Nxe4 {[%clk 0:08:43]} 20. Kh2
{[%clk 0:08:09]} Nc5 {[%clk 0:08:33]} 21. Rb1 {[%clk 0:07:40]} Rxe1
{[%clk 0:06:12]} 22. Qxe1 {[%clk 0:07:49]} Qe6 {[%clk 0:06:03]} 23. Qf1
{[%clk 0:07:48]} c6 {[%clk 0:06:07]} 24. Re1 {[%clk 0:07:56]} Qf6
{[%clk 0:06:15]} 25. Qf3 {[%clk 0:07:19]} g6 {[%clk 0:06:22]} 26. Re3
{[%clk 0:07:11]} h5 {[%clk 0:06:14]} 27. h4 {[%clk 0:07:09]} Kg7 {[%clk 0:06:18]}
28. Bh3 {[%clk 0:06:54]} Rd8 {[%clk 0:06:24]} 29. Qe2 {[%clk 0:06:37]} d5
{[%clk 0:06:12]} 30. f5 {[%clk 0:06:01]} gxf5 {[%clk 0:03:02]} 31. Re5
{[%clk 0:05:13]} Ne4 {[%clk 0:03:09]} 32. Rxf5 {[%clk 0:04:55]} Qxc3
{[%clk 0:03:18]} 33. Rg5+ {[%clk 0:02:37]} Nxg5 34. hxg5 {[%clk 0:02:46]} dxc4
{[%clk 0:03:13]} 35. Bg2 {[%clk 0:01:55]} Rd2 {[%clk 0:02:40]} 36. Qxh5
{[%clk 0:02:00]} Qc2 {[%clk 0:02:47]} 0-1

[Event "AsianNationCup2018-OpenRapid"]
[Site "?"]
[Date "2018.07.27"]
[Round "6.13"]
[White "Hossain, Enamul"]
[Black "Ghaem Maghami, Ehsan"]
[Result "0-1"]
[BlackElo "2524"]
[WhiteElo "2491"]
[LiveChessVersion "1.4.8"]

1. e4 {[%clk 0:15:16]} c6 {[%clk 0:15:09]} 2. d4 {[%clk 0:15:14]} d5
{[%clk 0:15:17]} 3. Nc3 {[%clk 0:15:19]} dxe4 {[%clk 0:15:22]} 4. Nxe4
{[%clk 0:15:26]} Nd7 {[%clk 0:15:30]} 5. Nf3 {[%clk 0:15:04]} Ngf6
{[%clk 0:15:38]} 6. Nxf6+ {[%clk 0:15:07]} Nxf6 {[%clk 0:15:44]} 7. c3
{[%clk 0:15:12]} Bf5 {[%clk 0:14:08]} 8. Bd3 {[%clk 0:14:41]} Bxd3
{[%clk 0:14:13]} 9. Qxd3 {[%clk 0:14:50]} e6 {[%clk 0:14:18]} 10. Bg5
{[%clk 0:14:19]} Be7 {[%clk 0:14:23]} 11. Bxf6 {[%clk 0:13:52]} Bxf6
{[%clk 0:14:29]} 12. O-O {[%clk 0:13:58]} O-O {[%clk 0:14:35]} 13. Rfe1
{[%clk 0:14:02]} c5 {[%clk 0:14:20]} 14. Rad1 {[%clk 0:13:56]} cxd4
{[%clk 0:14:08]} 15. Nxd4 {[%clk 0:14:03]} Qb6 {[%clk 0:14:15]} 16. Qe2
{[%clk 0:13:32]} Rfd8 {[%clk 0:14:03]} 17. Nf3 {[%clk 0:13:37]} Qa5
{[%clk 0:13:14]} 18. a3 {[%clk 0:13:31]} Qa4 {[%clk 0:13:21]} 19. h3
{[%clk 0:12:34]} h6 {[%clk 0:12:14]} 20. Nh2 {[%clk 0:10:40]} Rxd1
{[%clk 0:10:32]} 21. Rxd1 {[%clk 0:10:42]} Rd8 {[%clk 0:10:37]} 22. Rxd8+
{[%clk 0:10:45]} Bxd8 {[%clk 0:10:45]} 23. Nf3 {[%clk 0:10:03]} Qd7
{[%clk 0:10:36]} 24. Ne5 {[%clk 0:07:44]} Qc7 {[%clk 0:08:56]} 25. Qb5
{[%clk 0:07:03]} Kf8 {[%clk 0:08:08]} 26. Nd7+ {[%clk 0:05:34]} Ke7
{[%clk 0:08:06]} 27. Ne5 {[%clk 0:05:04]} a6 {[%clk 0:07:34]} 28. Qb4+
{[%clk 0:05:10]} Ke8 {[%clk 0:07:32]} 29. Nf3 {[%clk 0:04:07]} Qd7
{[%clk 0:06:26]} 30. Qe4 {[%clk 0:03:22]} f5 {[%clk 0:04:44]} 31. Qe2
{[%clk 0:03:23]} Bf6 {[%clk 0:04:36]} 32. Ne5 {[%clk 0:03:11]} Qd5
{[%clk 0:03:36]} 33. Qh5+ {[%clk 0:02:43]} Kd8 {[%clk 0:03:21]} 34. Nf3
{[%clk 0:02:18]} Qd7 {[%clk 0:03:17]} 35. Qg6 {[%clk 0:01:17]} Qd1+
{[%clk 0:02:29]} 36. Kh2 {[%clk 0:01:23]} Qe2 {[%clk 0:02:38]} 37. Qf7
{[%clk 0:01:17]} Qxb2 {[%clk 0:02:17]} 38. Qxe6 {[%clk 0:01:12]} Qxa3
{[%clk 0:01:39]} 39. Ne5 {[%clk 0:00:46]} Qe7 {[%clk 0:01:32]} 40. Qd5+
{[%clk 0:00:53]} Kc7 {[%clk 0:01:39]} 41. f4 {[%clk 0:01:00]} g5 {[%clk 0:00:57]}
42. Nc4 {[%clk 0:00:20]} Qd7 {[%clk 0:00:51]} 43. Qa5+ 0-1

[Event "AsianNationCup2018-OpenRapid"]
[Site "?"]
[Date "2018.07.27"]
[Round "6.14"]
[White "Darini, Pouria"]
[Black "Mohammad, Minhaz Uddin"]
[Result "1-0"]
[BlackElo "2380"]
[WhiteElo "2568"]
[LiveChessVersion "1.4.8"]

1. d4 Nf6 2. Bf4 d5 3. e3 g6 4. Nc3 c6 5. h4 {[%clk 0:00:00]} Bg7 6. Be2 h5 7.
Nf3 Bg4 8. Ne5 Bxe2 9. Qxe2 Nbd7 10. O-O-O Qa5 11. Kb1 Nxe5 12. Bxe5 O-O-O 13. e4
{[%clk 0:00:00]} Rd7 14. exd5 cxd5 15. Rh3 a6 16. Rf3 Rf8 17. Re3 e6 18. Rf3 Ne8
19. Bxg7 Nxg7 20. Qe5 Nf5 21. Ne4 Rc7 22. Nc5 Nxd4 23. Rxd4 Rxc5 24. c3 Qc7 25.
Qxe6+ fxe6 26. Rxf8+ Kd7 27. Rf7+ Kd6 28. Rxc7 Rxc7 29. Rf4 Ke7 30. Kc2 Rc4 31.
Rxc4 dxc4 32. Kd2 Kd6 33. Ke3 Ke5 34. f3 Kf5 35. Kf2 Kf4 36. g3+ Kf5 37. Ke2 e5
38. Ke3 a5 39. a4 Kf6 40. Ke4 Ke6 41. g4 b6 42. gxh5 gxh5 43. f4 exf4 44. Kxf4
Kf6 45. Ke4 Ke6 46. Kf4 {[%clk 0:00:00]} Kf6 47. Ke4 {[%clk 0:00:00]} Ke6 48. Kd4
Kf5 49. Kxc4 Kg4 50. Kb5 Kxh4 51. Kxb6 Kg3 52. c4 h4 53. c5 h3 54. c6 h2 55. c7
h1=Q 56. c8=Q Qd5 57. Qc3+ Kh4 58. b3 Qd8+ 59. Kb5 Qd5+ 60. Kb6 Qd8+ 61. Qc7 Qd2
62. Qh7+ Kg4 63. Qg6+ Kh4 64. Qe4+ Kh5 65. Qf5+ Kh4 66. Qe4+ Kh3 67. Kb5 Kg3 68.
Qe5+ Kh4 69. Qc5 Kh3 70. Ka6 Qd8 71. Qc6 Kh4 72. Qe4+ Kh3 73. Qf5+ Kh4 74. Qf4+
Kh3 75. Qh6+ Kg4 76. Qg6+ Kh3 77. Qe6+ Kh4 78. Kb7 Qd2 79. Qe4+ Kh3 80. Kc6 Qd8
81. Qe6+ Kh4 82. Qh6+ Kg4 83. Qg7+ Kf3 84. Qf7+ Ke2 85. Qe6+ Kf2 86. Qf5+ Kg3 87.
Qe5+ {[%clk 0:00:00]} Kf2 88. Qc5+ Kf1 89. Kb5 Kg2 90. Qc6+ Kh3 91. Ka6 Kh4 92.
Qc4+ Kh3 93. Kb5 Kg3 94. Qc3+ Kh4 95. Qe1+ Kh3 96. Qe3+ Kh4 97. Qf2+ Kh3 98. Qf3+
Kh4 99. Qc3 Kg4 100. b4 axb4 101. Qxb4+ Kh3 102. Qc3+ Kh2 103. Qe5+ Kh3 104. a5
Qd3+ 105. Kc6 Qc2+ 106. Kb6 Qg6+ 107. Kc5 Qc2+ 108. Kb5 Qd3+ 109. Kb6 Qg6+ 110.
Kb7 Qb1+ 111. Kc8 {[%clk 0:00:00]} Qc2+ 112. Qc7 Qe2 113. Qc6 {[%clk 0:00:00]}
Kh4 114. a6 Qg4+ 115. Kb8 Qb4+ 116. Kc7 Qe7+ 117. Kc8 Qf8+ 118. Kb7 Qb4+ 119. Qb6
Qe4+ 120. Kc8 Qc4+ 121. Kb8 Qg8+ 122. Kb7 Qf7+ 123. Kc8 Qc4+ 124. Kb7 Qf7+ 125.
Qc7 {[%clk 0:00:00]} Qb3+ 126. Kc8 Qe6+ 127. Kb7 Qb3+ 128. Ka7 Qe3+ 129. Ka8 Qe4+
130. Kb8 Qe8+ 131. Ka7 Qe3+ 132. Kb8 Qe8+ 133. Kb7 Qe4+ 134. Qc6 Qe7+ 135. Kc8
Qf8+ 136. Kc7 Qe7+ 137. Qd7 Qe5+ 138. Qd6 Qg7+ 139. Kc6 Qg2+ 140. Kd7 Qg4+ 141.
Qe6 Qd4+ 142. Qd6 Qg4+ 143. Ke8 Qa4+ 144. Kf8 Kh5 145. Qe5+ Kg6 146. Qe8+ 1-0

[Event "AsianNationCup2018-OpenRapid"]
[Site "?"]
[Date "2018.07.27"]
[Round "6.15"]
[White "Mohammad Fahad, Rahman"]
[Black "Pourramezanali, Amirreza"]
[Result "1-0"]
[BlackElo "2430"]
[WhiteElo "2108"]
[LiveChessVersion "1.4.8"]

1. e4 {[%clk 0:15:17]} e6 {[%clk 0:15:19]} 2. d4 {[%clk 0:15:26]} d5
{[%clk 0:15:29]} 3. Nc3 {[%clk 0:15:33]} Bb4 {[%clk 0:15:38]} 4. Nge2
{[%clk 0:15:40]} dxe4 {[%clk 0:15:43]} 5. a3 {[%clk 0:15:50]} Be7
{[%clk 0:15:51]} 6. Nxe4 {[%clk 0:15:56]} Nf6 {[%clk 0:16:00]} 7. N2g3
{[%clk 0:15:45]} O-O {[%clk 0:16:08]} 8. c3 {[%clk 0:15:42]} Nxe4
{[%clk 0:16:16]} 9. Nxe4 {[%clk 0:15:50]} f5 {[%clk 0:16:25]} 10. Nd2
{[%clk 0:15:39]} c5 {[%clk 0:16:24]} 11. Nb3 {[%clk 0:15:38]} cxd4
{[%clk 0:12:10]} 12. Qxd4 {[%clk 0:15:45]} Nc6 {[%clk 0:11:58]} 13. Qxd8
{[%clk 0:15:53]} Rxd8 {[%clk 0:12:05]} 14. Be3 {[%clk 0:16:02]} b6
{[%clk 0:11:04]} 15. Nd4 {[%clk 0:15:58]} Nxd4 {[%clk 0:10:07]} 16. Bxd4
{[%clk 0:16:06]} Bb7 {[%clk 0:10:17]} 17. Bc4 {[%clk 0:15:54]} Bd5
{[%clk 0:10:00]} 18. Bxd5 {[%clk 0:16:02]} Rxd5 {[%clk 0:10:09]} 19. f4
{[%clk 0:15:40]} g5 {[%clk 0:06:32]} 20. g3 {[%clk 0:15:29]} Kf7 {[%clk 0:06:42]}
21. O-O-O {[%clk 0:15:25]} gxf4 {[%clk 0:05:29]} 22. gxf4 {[%clk 0:15:34]} Rg8
{[%clk 0:05:36]} 23. Rhg1 {[%clk 0:15:43]} Bd6 {[%clk 0:04:40]} 24. Rgf1
{[%clk 0:14:33]} Bb8 {[%clk 0:04:06]} 25. c4 {[%clk 0:12:37]} Rd7
{[%clk 0:03:01]} 26. Be3 {[%clk 0:12:45]} Rxd1+ {[%clk 0:03:04]} 27. Rxd1
{[%clk 0:12:54]} Ke7 {[%clk 0:03:13]} 28. c5 {[%clk 0:12:09]} Rg2
{[%clk 0:03:09]} 29. Rd2 {[%clk 0:11:09]} Rg4 {[%clk 0:01:52]} 30. c6
{[%clk 0:09:28]} Bd6 {[%clk 0:01:53]} 31. Kc2 {[%clk 0:09:11]} Rg8
{[%clk 0:02:00]} 32. b4 {[%clk 0:09:15]} Rd8 {[%clk 0:00:56]} 33. Bf2
{[%clk 0:08:57]} Ke8 {[%clk 0:00:28]} 34. Bh4 {[%clk 0:08:50]} Be7
{[%clk 0:00:38]} 35. Bxe7 {[%clk 0:08:58]} Kxe7 {[%clk 0:00:47]} 36. Rxd8
{[%clk 0:09:06]} Kxd8 {[%clk 0:00:57]} 37. b5 {[%clk 0:09:14]} a6
{[%clk 0:00:48]} 38. bxa6 {[%clk 0:15:10]} 1-0

[Event "AsianNationCup2018-OpenRapid"]
[Site "?"]
[Date "2018.07.27"]
[Round "6.16"]
[White "Mousavi, Seyed Khalil"]
[Black "Ahmed, Sk. Nasir"]
[Result "1-0"]
[BlackElo "2286"]
[WhiteElo "2358"]
[LiveChessVersion "1.4.8"]

1. c4 {[%clk 0:15:19]} Nf6 {[%clk 0:14:50]} 2. Nc3 {[%clk 0:15:27]} e6
{[%clk 0:14:57]} 3. e4 {[%clk 0:15:36]} Nc6 {[%clk 0:13:03]} 4. Nf3
{[%clk 0:15:09]} Bb4 {[%clk 0:11:30]} 5. e5 {[%clk 0:14:36]} Ng8 {[%clk 0:10:15]}
6. Ne4 {[%clk 0:13:27]} d5 {[%clk 0:09:48]} 7. Ng3 {[%clk 0:12:38]} dxc4
{[%clk 0:09:24]} 8. Bxc4 {[%clk 0:12:36]} Nge7 {[%clk 0:09:32]} 9. O-O
{[%clk 0:12:16]} Bc5 {[%clk 0:08:46]} 10. Qe2 {[%clk 0:11:07]} Nd4
{[%clk 0:07:10]} 11. Nxd4 {[%clk 0:10:41]} Bxd4 {[%clk 0:07:16]} 12. Kh1
{[%clk 0:10:18]} Bd7 {[%clk 0:06:07]} 13. f4 {[%clk 0:09:07]} O-O
{[%clk 0:05:53]} 14. a4 {[%clk 0:06:37]} Bc6 {[%clk 0:05:44]} 15. Ra3
{[%clk 0:06:39]} Bd5 {[%clk 0:05:32]} 16. Bd3 {[%clk 0:06:14]} c5
{[%clk 0:04:05]} 17. Bb1 {[%clk 0:04:50]} Ng6 {[%clk 0:03:05]} 18. Ne4
{[%clk 0:04:26]} Bxe4 {[%clk 0:01:40]} 19. Bxe4 {[%clk 0:04:18]} f5
{[%clk 0:00:45]} 20. exf6 {[%clk 0:03:49]} Rxf6 {[%clk 0:00:49]} 21. Raf3
{[%clk 0:03:38]} Qc7 {[%clk 0:00:39]} 22. d3 {[%clk 0:03:35]} Raf8
{[%clk 0:00:48]} 23. g3 {[%clk 0:02:47]} Ne7 {[%clk 0:00:43]} 24. g4
{[%clk 0:02:43]} Ng6 {[%clk 0:00:39]} 25. g5 {[%clk 0:01:50]} R6f7
{[%clk 0:00:16]} 26. Rh3 {[%clk 0:01:44]} 1-0